Strength under high transient loads (Record no. 22138)

000 -LEADER
fixed length control field 00592nam a22002171 4500
001 - CONTROL NUMBER
control field 22138
003 - CONTROL NUMBER IDENTIFIER
control field BD-DhUET
008 - FIXED-LENGTH DATA ELEMENTS--GENERAL INFORMATION
fixed length control field 730220s1966 xx 000 0 eng
040 ## - CATALOGING SOURCE
Original cataloging agency DLC
Transcribing agency ODaWU
Modifying agency BD-DhUET
082 ## - DEWEY DECIMAL CLASSIFICATION NUMBER
Classification number 620.11
Item number RAK/1966
100 1# - MAIN ENTRY--PERSONAL NAME
Personal name Rakhmatulin, Kh. A.
245 10 - TITLE STATEMENT
Title Strength under high transient loads
250 ## - EDITION STATEMENT
Edition statement 1st ed.
260 ## - PUBLICATION, DISTRIBUTION, ETC. (IMPRINT)
Place of publication, distribution, etc. Jerusalem
Name of publisher, distributor, etc. Israel Program for Scientific Translations
Date of publication, distribution, etc. 1966
300 ## - PHYSICAL DESCRIPTION
Extent vi, 342 p.
504 ## - BIBLIOGRAPHY, ETC. NOTE
Bibliography, etc Includes bibliographies
650 #0 - SUBJECT ADDED ENTRY--TOPICAL TERM
Topical term or geographic name as entry element Strength of materials
700 ## - ADDED ENTRY--PERSONAL NAME
Personal name DemʹYanov, Yu A.
700 ## - ADDED ENTRY--PERSONAL NAME
Personal name Hananel, A.
942 ## - ADDED ENTRY ELEMENTS (KOHA)
Koha item type General Book
Holdings
Sublocation or collection (holding branch) Lost status Source of classification or shelving scheme Koha full call number Shelving location Copy number Koha date last seen Not for loan Withdrawn status Piece designation (barcode) Price effective from Koha item type Damaged status Location (home branch) Koha normalized classification for sorting Date acquired
Central Library, BUET  620.11/RAK/1966Circulation section12015-04-23  91472015-04-23General Book Central Library, BUET620_110000000000000_RAK_19662015-04-23
Central Library, BUET  620.11/RAK/1966Circulation section22015-04-23  447672015-04-23General Book Central Library, BUET620_110000000000000_RAK_19662015-04-23